00889nam a2200241Ia 4500001000700000008004100007020001800048035001500066041000800081084001300089100007700102245014800179260008600327300002200413650002800435650001100463650002600474650002400500650002900524650002000553650000700573710006700580012365221003s2000 xx 000 0 spa d a92-828-9282-4 aCENDO_6645 aspa aCD-02618 aFUNDACION EUROPEA PARA LA MEJORA DE LAS CONDICIONES DE VIDA Y DE TRABAJO 0aEuropean Industrial Relations Observatory [EIRO] 1999 Annual Review /cEuropean Foundation for the Improvement of Living and Working Conditions aLuxembourg :bOffice for Official Publications of the European Communities,c2000 a144 p. ;c 30 cm aRELACIONES INDUSTRIALES 0aEUROPA 0aNEGOCIACION COLECTIVA 0aCREACION DE EMPLEOS aORGANIZACION DEL TRABAJO aUNION MONETARIA aCE aCOMUNIDADES EUROPEASbOficina de Publicaciones Oficiales,eed.